[Event "DOM-ch"]
[Site "Santo Domingo"]
[Date "2019.05.11"]
[Round "10"]
[White "Guzman, Christopher"]
[Black "Sanchez, Jose Rafael"]
[Result "1-0"]
[WhiteElo "2273"]
[BlackElo "2161"]
[PlyCount "75"]
[EventDate "2019.04.26"]
[EventType "swiss"]
[EventRounds "11"]
[EventCountry "DOM"]
[SourceTitle "CBM 190 Extra"]
[Source "ChessBase"]
[SourceDate "2019.07.15"]
[SourceVersion "1"]
[SourceVersionDate "2019.07.15"]
[SourceQuality "1"]

1. e4 e5 2. Nf3 Nc6 3. Bb5 a6 4. Ba4 Nf6 5. Bxc6 dxc6 6. d3 Nd7 7. Nbd2 Bd6 8. Nc4 0-0 9. Qe2 Qe7 10. Bg5 f6 11. Bd2 Nc5 12. Nh4 g6 13. g3 Ne6 14. c3 b5 15. Na5 Bd7 16. 0-0-0 b4 17. Nc4 a5 18. Rdf1 bxc3 19. bxc3 Rab8 20. f4 Ba3+ 21. Kc2 Qc5 22. Rb1 Ng7 23. f5 g5 24. Ng2 Nxf5 25. exf5 Bxf5 26. Nge3 Bg6 27. g4 Rb5 28. Rb3 Rd8 29. Nf5 Rdb8 30. Rxa3 Rb2+ 31. Nxb2 Qxa3 32. Rb1 Bxf5 33. gxf5 Qxa2 34. Qe4 Kg7 35. Qxc6 Qb3+ 36. Kc1 Rb7 37. Qd7+ Kh6 38. h4 1-0

[Event "DOM-ch"]
[Site "Santo Domingo"]
[Date "2019.05.05"]
[Round "8"]
[White "Reyes Perez, Eury Luis"]
[Black "Sanchez, Jose Rafael"]
[Result "0-1"]
[WhiteElo "1925"]
[BlackElo "2161"]
[PlyCount "71"]
[EventDate "2019.04.26"]
[EventType "swiss"]
[EventRounds "11"]
[EventCountry "DOM"]
[SourceTitle "CBM 190 Extra"]
[Source "ChessBase"]
[SourceDate "2019.07.15"]
[SourceVersion "1"]
[SourceVersionDate "2019.07.15"]
[SourceQuality "1"]

1. g3 Nf6 2. Bg2 d5 3. Nf3 c5 4. d4 Nc6 5. 0-0 Bg4 6. Ne5 Bd7 7. c3 e6 8. e3 Be7 9. Nd2 0-0 10. Qe2 Be8 11. Nd3 Nd7 12. Rd1 Qb6 13. Nf3 Qa6 14. Bf1 Rc8 15. Qe1 Qb6 16. Nf4 Nf6 17. Bd3 Bd6 18. Qf1 Ne7 19. Qh3 Bxf4 20. gxf4 Bb5 21. Bb1 Be2 22. Re1 Bxf3 23. Qxf3 cxd4 24. exd4 Nf5 25. Kh1 g6 26. Rg1 Rfe8 27. a4 a5 28. Bd3 Kh8 29. Bb5 Rg8 30. Bd2 Nd6 31. Qe2 Nxb5 32. axb5 Ne4 33. Be1 Nd6 34. Qe5+ Rg7 35. f5 Nxf5 36. Qe2 0-1

[Event "DOM-ch"]
[Site "Santo Domingo"]
[Date "2019.04.27"]
[Round "2"]
[White "Mendez Ramirez, Victor"]
[Black "Sanchez, Jose Rafael"]
[Result "0-1"]
[WhiteElo "1983"]
[BlackElo "2161"]
[PlyCount "78"]
[EventDate "2019.04.26"]
[EventType "swiss"]
[EventRounds "11"]
[EventCountry "DOM"]
[SourceTitle "CBM 190 Extra"]
[Source "ChessBase"]
[SourceDate "2019.07.15"]
[SourceVersion "1"]
[SourceVersionDate "2019.07.15"]
[SourceQuality "1"]

1. d4 Nf6 2. Bf4 e6 3. e3 c5 4. c3 b6 5. Nd2 Bb7 6. Ngf3 Be7 7. h3 0-0 8. Bd3 Nc6 9. 0-0 d5 10. Qb1 g6 11. Rd1 cxd4 12. exd4 Nh5 13. Bh6 Re8 14. Re1 Bd6 15. Ne5 Nxe5 16. dxe5 Bf8 17. Be3 Bc5 18. Nf3 Bxe3 19. Rxe3 Nf4 20. Nd4 Qg5 21. Bf1 f6 22. Qc2 f5 23. a4 Qe7 24. a5 g5 25. Bb5 Rf8 26. a6 Bc8 27. Kh2 h6 28. g3 Ng6 29. Qd1 f4 30. Re2 g4 31. Bd3 Qg5 32. Qc2 Nxe5 33. Bh7+ Kh8 34. Rae1 fxg3+ 35. fxg3 Nf3+ 36. Nxf3 gxf3 37. Re5 f2 38. Bg8 Qg7 39. Rg5 fxe1Q 0-1

[Event "DOM-ch"]
[Site "Santo Domingo"]
[Date "2019.04.27"]
[Round "3"]
[White "Sanchez, Jose Rafael"]
[Black "Munoz Santana, Jose Lisandro"]
[Result "1/2-1/2"]
[WhiteElo "2161"]
[BlackElo "2425"]
[PlyCount "64"]
[EventDate "2019.04.26"]
[EventType "swiss"]
[EventRounds "11"]
[EventCountry "DOM"]
[SourceTitle "CBM 190 Extra"]
[Source "ChessBase"]
[SourceDate "2019.07.15"]
[SourceVersion "1"]
[SourceVersionDate "2019.07.15"]
[SourceQuality "1"]

1. d4 Nf6 2. c4 c5 3. d5 g6 4. Nc3 Bg7 5. e4 0-0 6. Bd3 d6 7. f3 Na6 8. Nge2 Nc7 9. Be3 Rb8 10. Qd2 Re8 11. Bh6 Bh8 12. 0-0 e6 13. Ng3 b5 14. h3 bxc4 15. Bxc4 exd5 16. exd5 Ba6 17. Bxa6 Nxa6 18. f4 c4 19. Kh1 Qb6 20. Rab1 Qe3 21. Qxe3 Rxe3 22. Kh2 Bg7 23. Bxg7 Kxg7 24. Rfd1 Nc5 25. Nf1 Re7 26. Nd2 Nd3 27. Nxc4 Nxf4 28. Nxd6 Rd7 29. Nc4 N4xd5 30. Nxd5 Rxd5 31. Rxd5 Nxd5 32. Rd1 Nb6 1/2-1/2

[Event "DOM-ch"]
[Site "Santo Domingo"]
[Date "2018.05.06"]
[Round "11"]
[White "Lugo Matos, Richards Reynier"]
[Black "Sanchez, Jose Rafael"]
[Result "1-0"]
[WhiteElo "2069"]
[BlackElo "2152"]
[PlyCount "85"]
[EventDate "2018.04.20"]
[EventType "swiss"]
[EventRounds "11"]
[EventCountry "DOM"]
[SourceTitle "CBM 184 Extra"]
[Source "ChessBase"]
[SourceDate "2018.06.28"]
[SourceVersion "1"]
[SourceVersionDate "2018.06.28"]
[SourceQuality "1"]

1. e4 e5 2. Bc4 Nf6 3. d3 c6 4. Bg5 d5 5. exd5 cxd5 6. Bb3 Nc6 7. Nc3 Bb4 8. a3 Ba5 9. Kf1 Be6 10. Nf3 h6 11. Bh4 e4 12. dxe4 Bxc3 13. exd5 Bxb2 14. dxe6 fxe6 15. Qxd8+ Rxd8 16. Re1 e5 17. Bxf6 gxf6 18. g3 Bxa3 19. Kg2 Kd7 20. Nh4 Kc7 21. Nf5 Bc5 22. Rd1 Nd4 23. Ng7 Rd6 24. Ba2 Kc6 25. Bb1 Rhd8 26. c3 Nb5 27. Be4+ Kc7 28. Rxd6 Kxd6 29. Rd1+ Ke7 30. Rxd8 Kxd8 31. Ne6+ Kc8 32. Nxc5 b6 33. Na4 Nd6 34. Bd3 Kc7 35. Kf3 f5 36. Ke3 Kc6 37. c4 a6 38. c5 bxc5 39. Bxa6 f4+ 40. gxf4 exf4+ 41. Kxf4 Kd5 42. Nb6+ Kd4 43. Nc8 1-0

[Event "DOM-ch"]
[Site "Santo Domingo"]
[Date "2016.04.01"]
[Round "1"]
[White "Velez Espiritusantos, Brunildo E"]
[Black "Sanchez, Jose Rafael"]
[Result "1-0"]
[WhiteElo "1994"]
[BlackElo "2178"]
[PlyCount "81"]
[EventDate "2016.04.01"]
[EventType "swiss"]
[EventRounds "11"]
[EventCountry "DOM"]
[SourceTitle "CBM 171 Extra"]
[Source "ChessBase"]
[SourceDate "2016.04.26"]
[SourceVersion "1"]
[SourceVersionDate "2016.04.26"]
[SourceQuality "1"]

1. d4 d5 2. Nf3 Nf6 3. c4 c6 4. cxd5 cxd5 5. Nc3 e6 6. e3 Bd6 7. Nb5 Be7 8. Bd3 0-0 9. 0-0 Nc6 10. a3 b6 11. Nc3 Bb7 12. b4 Rc8 13. Bb2 Ne8 14. Ne5 Nxe5 15. dxe5 f6 16. Ne2 fxe5 17. Bxe5 Bf6 18. Bxf6 Qxf6 19. Ng3 Nd6 20. Be2 Rc3 21. a4 a6 22. Rc1 Rfc8 23. Rxc3 Qxc3 24. Bg4 Re8 25. Qb1 Nc4 26. Rc1 Qe5 27. Qd3 b5 28. axb5 axb5 29. h3 Ra8 30. Ne2 Bc8 31. Qd4 Qd6 32. e4 Bb7 33. exd5 exd5 34. Nf4 Rf8 35. Ne6 Rf7 36. Nc5 Rf4 37. Qa1 Bc6 38. Qa6 Rf6 39. Re1 h6 40. Re6 Rxe6 41. Bxe6+ 1-0

[Event "Santiago de los Caballeros op"]
[Site "Santiago de los Caballeros"]
[Date "2015.11.08"]
[Round "3"]
[White "Sanchez, Jose Rafael"]
[Black "Moscoso Silva, Carlos Antonio"]
[Result "1-0"]
[WhiteElo "2181"]
[BlackElo "2017"]
[PlyCount "51"]
[EventDate "2015.11.06"]
[EventType "swiss"]
[EventRounds "6"]
[EventCountry "DOM"]
[SourceTitle "CBM 169 Extra"]
[Source "ChessBase"]
[SourceDate "2015.12.18"]
[SourceVersion "1"]
[SourceVersionDate "2015.12.18"]
[SourceQuality "1"]

1. e4 c5 2. Nf3 d6 3. d4 cxd4 4. Nxd4 Nf6 5. Nc3 a6 6. Bg5 e6 7. f4 Qb6 8. Qd2 Nbd7 9. 0-0-0 Be7 10. Nf3 Qc7 11. Bd3 b5 12. Rhe1 Nc5 13. e5 b4 14. exf6 bxc3 15. Qxc3 Nxd3+ 16. Qxd3 gxf6 17. Bh4 Bb7 18. Qd4 Rc8 19. Rd2 Qd8 20. Kb1 0-0 21. Re3 Rc5 22. Rc3 Rxc3 23. Qxc3 Kg7 24. g4 Qc8 25. Qe3 Qc7 26. g5 1-0

[Event "DOM-ch"]
[Site "Santo Domingo"]
[Date "2015.05.16"]
[Round "10"]
[White "Sanchez, Jose Rafael"]
[Black "Reyes Capellan, Elby"]
[Result "1-0"]
[WhiteElo "2205"]
[BlackElo "1980"]
[PlyCount "51"]
[EventDate "2015.05.01"]
[EventType "swiss"]
[EventRounds "11"]
[EventCountry "DOM"]
[SourceTitle "CBM 166 Extra"]
[Source "ChessBase"]
[SourceDate "2015.06.18"]
[SourceVersion "1"]
[SourceVersionDate "2015.06.18"]
[SourceQuality "1"]

1. e4 c5 2. Nf3 d6 3. d4 cxd4 4. Nxd4 Nf6 5. Nc3 a6 6. Bg5 e6 7. f4 Qb6 8. Qd2 Qxb2 9. Rb1 Qa3 10. f5 Nc6 11. fxe6 fxe6 12. Nxc6 bxc6 13. e5 dxe5 14. Bxf6 gxf6 15. Be2 Bb4 16. Bh5+ Kf8 17. Rb3 Bxc3 18. Rxc3 Qb4 19. Rf1 Ke7 20. Rxf6 Qb1+ 21. Bd1 Kxf6 22. Qh6+ Ke7 23. Qg7+ Kd6 24. Qxh8 Qb8 25. Qd8+ Bd7 26. Rd3+ 1-0

[Event "DOM-ch"]
[Site "Santo Domingo"]
[Date "2015.05.01"]
[Round "1"]
[White "Escano Dionicio, Porfirio Simeon"]
[Black "Sanchez, Jose Rafael"]
[Result "0-1"]
[WhiteElo "1996"]
[BlackElo "2205"]
[PlyCount "70"]
[EventDate "2015.05.01"]
[EventType "swiss"]
[EventRounds "11"]
[EventCountry "DOM"]
[SourceTitle "CBM 166 Extra"]
[Source "ChessBase"]
[SourceDate "2015.06.18"]
[SourceVersion "1"]
[SourceVersionDate "2015.06.18"]
[SourceQuality "1"]

1. d4 d5 2. c4 c6 3. Nf3 Nf6 4. Nc3 e6 5. Bg5 h6 6. Bh4 dxc4 7. a4 Bb4 8. e3 b5 9. Be2 Bb7 10. 0-0 a6 11. Ne4 Nbd7 12. Qc2 Be7 13. Bg3 Nxe4 14. Qxe4 0-0 15. Ne5 Nf6 16. Qc2 Rc8 17. Bf3 Qb6 18. Bh4 Rfd8 19. b3 cxb3 20. Qxb3 c5 21. dxc5 Rxc5 22. Bxb7 Qxb7 23. Nf3 Qd5 24. Qb2 g5 25. Bg3 Ne4 26. Rac1 Rxc1 27. Qxc1 Nxg3 28. hxg3 bxa4 29. Qc7 Bf6 30. Qb6 Qb5 31. Qc7 a3 32. Nd4 Qb2 33. Qa5 a2 34. Kh2 Rxd4 35. exd4 Bxd4 0-1

[Event "Santo Domingo"]
[Site "Santo Domingo"]
[Date "2015.02.14"]
[Round "5"]
[White "Subervi Nunez, Jonathan Sigfredo"]
[Black "Sanchez, Jose Rafael"]
[Result "1-0"]
[WhiteElo "2164"]
[BlackElo "2206"]
[PlyCount "103"]
[EventDate "2015.02.06"]
[EventType "tourn"]
[EventRounds "7"]
[EventCountry "DOM"]
[SourceTitle "CBM 164 Extra"]
[Source "ChessBase"]
[SourceDate "2015.03.02"]
[SourceVersion "1"]
[SourceVersionDate "2015.03.02"]
[SourceQuality "1"]

1. d4 d5 2. c4 c6 3. Nc3 Nf6 4. e3 e6 5. Nf3 Nbd7 6. Qc2 Bd6 7. Bd3 dxc4 8. Bxc4 b5 9. Be2 Bb7 10. 0-0 0-0 11. Ne4 Nxe4 12. Qxe4 Qe7 13. a4 a6 14. axb5 f5 15. Qd3 cxb5 16. Bd2 Be4 17. Qb3 Bd5 18. Qc2 Rfc8 19. Qb1 Be4 20. Qa2 Rc2 21. Rac1 Bd5 22. Qb1 Rxc1 23. Rxc1 Nb6 24. Ne5 Qb7 25. f3 Bxe5 26. dxe5 Bc4 27. Bd1 Qd5 28. Bc3 Nd7 29. Bc2 Nxe5 30. e4 Qc5+ 31. Kh1 f4 32. b3 Be2 33. Bxe5 Qxe5 34. Re1 Bxf3 35. gxf3 Qc3 36. Qd1 Rc8 37. Bb1 g6 38. e5 Kg7 39. Be4 Rc7 40. Qa1 Qxb3 41. Qxa6 Rc4 42. Qxe6 Qb4 43. Qf6+ Kh6 44. Qxf4+ Kg7 45. Qf6+ Kh6 46. Qh4+ Kg7 47. Ra1 Qc5 48. Rd1 Rd4 49. Qf6+ Kh6 50. Qh4+ Kg7 51. Qf6+ Kh6 52. Qh4+ 1-0